000 00668nam a2200241Ia 4500
005 20260430150031.0
008 008 250103s9999 xx 000 0 eng d
037 _aTheses
040 _aCRL
040 _beng
040 _ceng
041 _2eng
041 _aeng
084 _qCRL
100 _aVijay Kumar Au.; Balachandran Aparna Gu.
_91236254
245 3 _aAn Untouchable Caste: Social and Political Histories of Khatiks in United Provinces, 1881-1956
260 _c2022
300 _a431p.
650 _aHistory
700 _aUniversity of Delhi. Faculty of Social Science. Deptt of History
_91236245
942 _cTH
999 _c1848781
_d1848781